00813nam a22001817a 450000500170000000800410001704000100005808200290006824500920009725000120018926000400020130000240024165000580026570000360032394200130035999900170037295202420038920251218143920.0251218b |||||||| |||| 00| 0 eng d cVITAP 223rd Ed.a954.030924 CHA aMohandas Karamchand Gandhi Satyasodhana Athmakathac/ Edited by Kata ChandrahashTelugu a1st Ed. aHyderabadbCLS Publishers LLPc2024 a318p. : ill. ; 22cm 0aGandhi, Mahatma, 1869–1948 — Autobiography916791 aChandrahas, Kata916792eEditor 2ddccREF c47128d47128 00102ddc3Paper Back40708REFaVSBbVITAPcREFd2025-12-18eDonated by Dr. K. Lakshminarayana IAS (Retd.)g0.00iDonated by Dr. K. Lakshminarayana IAS (Retd.)l0o954.030924 CHAp025034r2025-12-18 14:29:00v0.00w2025-12-18yREFzGEN